De Eugenio Delacroix al neoimpresionismo / (Record no. 144360)

MARC details
000 -LEADER
campo de control de longitud fija 00909nam a2200265 i 4500
001 - NÚMERO DE CONTROL
campo de control 144360
003 - IDENTIFICADOR DE NÚMERO DE CONTROL
campo de control ES-MaACL
005 - FECHA Y HORA DE LA ÚLTIMA TRANSACCIÓN
campo de control 20250815140446.0
007 - CAMPO FIJO DE DESCRIPCIÓN FÍSICA--INFORMACIÓN GENERAL
campo de control de longitud fija t|
008 - DATOS DE LONGITUD FIJA--INFORMACIÓN GENERAL
campo de control de longitud fija 070214s1943 ag af |||| |dspa d
080 ## - NÚMERO DE LA CLASIFICACIÓN DECIMAL UNIVERSAL
Número de la Clasificación Decimal Universal 75.072"18/19"
100 1# - ENTRADA PRINCIPAL--NOMBRE DE PERSONA
Nombre de persona Signac, Paul.
9 (RLIN) 106309
245 10 - MENCIÓN DEL TÍTULO
Título De Eugenio Delacroix al neoimpresionismo /
Mención de responsabilidad, etc. Paul Signac ; versión de Julio E. Payró de la edición original francesa.
260 ## - PUBLICACIÓN, DISTRIBUCIÓN, ETC.
Lugar de publicación, distribución, etc. Buenos Aires :
Nombre del editor, distribuidor, etc. Poseidón,
Fecha de publicación, distribución, etc. 1943.
300 ## - DESCRIPCIÓN FÍSICA
Extensión XIII, 140 p., [52] h. de lám. ;
Dimensiones 28 cm.
490 1# - MENCIÓN DE SERIE
Mención de serie Colección de los tratados
650 #7 - PUNTO DE ACCESO ADICIONAL DE MATERIA--TÉRMINO DE MATERIA
Término de materia o nombre geográfico como elemento de entrada Impresionismo (Arte)
Fuente del encabezamiento o término embne
9 (RLIN) 136699
650 #4 - PUNTO DE ACCESO ADICIONAL DE MATERIA--TÉRMINO DE MATERIA
Término de materia o nombre geográfico como elemento de entrada Impresionismo (Arte)-
Subdivisión geográfica Francia.
9 (RLIN) 165160
650 #4 - PUNTO DE ACCESO ADICIONAL DE MATERIA--TÉRMINO DE MATERIA
Término de materia o nombre geográfico como elemento de entrada Pintura-
Subdivisión cronológica S.XIX.
9 (RLIN) 159872
650 #4 - PUNTO DE ACCESO ADICIONAL DE MATERIA--TÉRMINO DE MATERIA
Término de materia o nombre geográfico como elemento de entrada Pintura francesa-
Subdivisión cronológica S.XIX.
9 (RLIN) 156487
700 1# - ENTRADA AGREGADA--NOMBRE PERSONAL
Nombre de persona Payró, Julio E.
9 (RLIN) 89738
830 1# - PUNTO DE ACCESO ADICIONAL DE SERIE-TÍTULO UNIFORME
Título uniforme Colección de los tratados
9 (RLIN) 220664
852 ## - LOCALIZACIÓN
Ubicación ES-MaACL
Número de control de estantería C-5220
Holdings
Estatus retirado Estado de pérdida Estado de daño No para préstamo Biblioteca de origen Biblioteca actual Ubicación en estantería Fecha de adquisición Fuente de adquisición Total de préstamos Signatura topográfica completa Código de barras Visto por última vez Precio de reemplazo Tipo de ítem Koha
        Biblioteca del Ateneo de Madrid Biblioteca del Ateneo de Madrid Sala Palomar 17/01/2008     C-5220 1150196 23/02/2023 23/02/2023 Libro impreso